UBT Library

Moderatori dhe moderimi ne televizion / (Record no. 454)

000 -LEADER
fixed length control field 00612nam a22002057a 4500
008 - FIXED-LENGTH DATA ELEMENTS--GENERAL INFORMATION
fixed length control field 140520b xxu||||| |||| 00| 0 alb d
020 ## - INTERNATIONAL STANDARD BOOK NUMBER
International Standard Book Number 9789951494229
041 0# - LANGUAGE CODE
Language code of text/sound track or separate title alb
080 ## - UNIVERSAL DECIMAL CLASSIFICATION NUMBER
Universal Decimal Classification number 654.17
100 ## - Rafti
Rafti Sinani, Resul
245 10 - TITLE STATEMENT
Title Moderatori dhe moderimi ne televizion /
Statement of responsibility, etc Resul Sinani
260 ## -
-- Prishtinë :
-- Universiteti AAB-Riinvest,
-- 2011.
300 ## -
-- 180 f.:
-- me il.;
-- 20 cm.
500 ## -
-- Parathënie: f. V-VI
500 ## -
-- Bibliografia e autorit: f. 171-175
505 ## -
-- Referencat: 177-178
650 #0 -
-- Televizioni
-- Transmetimet
650 #0 -
-- Masmedia
-- Komunikimi
942 ## - ADDED ENTRY ELEMENTS (KOHA)
Source of classification or shelving scheme
Item type Books
Holdings
Withdrawn status Lost status Source of classification or shelving scheme Damaged status Not for loan Collection code Permanent location Current location Shelving location Date acquired Total Checkouts Full call number Barcode Date last seen Koha item type Date last borrowed Price effective from
            UBT - Lipjan UBT - Lipjan   01/05/2026     002-800070999328 01/05/2026 Books   01/05/2026
          Koleksioni i përgjithshem UBT - Prishtine UBT - Prishtine Koleksioni i përgjithshem 05/20/2014   654.17 SIN 001-000553 05/20/2014 Books    
          Koleksioni i përgjithshem UBT - Prishtine UBT - Prishtine Koleksioni i përgjithshem 05/20/2014   654.17 SIN 001-000554 05/20/2014 Books    
          Koleksioni i përgjithshem UBT - Prishtine UBT - Prishtine Koleksioni i përgjithshem 05/20/2014   654.17 SIN 001-000555 05/20/2014 Books    
          Koleksioni i përgjithshem UBT - Prishtine UBT - Prishtine Koleksioni i përgjithshem 05/20/2014   654.17 SIN 001-000556 05/20/2014 Books    
          Koleksioni i përgjithshem UBT - Prishtine UBT - Prishtine Koleksioni i përgjithshem 05/20/2014   654.17 SIN 001-000557 05/20/2014 Books    
          Koleksioni i përgjithshem UBT - Prishtine UBT - Prishtine Koleksioni i përgjithshem 05/20/2014   654.17 SIN 001-000558 05/20/2014 Books    
          Koleksioni i përgjithshem UBT - Prishtine UBT - Prishtine Koleksioni i përgjithshem 05/20/2014 1 654.17 SIN 001-000559 05/20/2014 Books 05/20/2014  
          Koleksioni i përgjithshem UBT - Prishtine UBT - Prishtine Koleksioni i përgjithshem 05/23/2014   654.17 SIN 001-000564 05/23/2014 Books    
UBT Library © 2015-2024. All rights reserved University Education for Business and Technology